| 000 | 00476pam a2200169 a 4500 | ||
|---|---|---|---|
| 999 |
_c59806 _d59806 |
||
| 001 | 15149713 | ||
| 005 | 20230421133631.0 | ||
| 008 | 080122s2007 nyua b 001 0 eng | ||
| 020 | _a9780307278074 x | ||
| 080 | _a159.9 H-92 | ||
| 100 | 1 |
_aHunt, Morton M. _d _917715 |
|
| 245 | 1 | 4 |
_aThe story of psychology / _cMorton Hunt. |
| 264 |
_aNew York : _bAnchor Books, _c2007. |
||
| 300 |
_a877 p. : _bill. ; _c21 cm. |
||
| 653 | _aფსიქოლოგია | ||
| 942 |
_2udc _cBK |
||